000 00726nam a22002297a 4500
001 30608
003 UA-OsUOA
005 20220624214136.0
007 ta
008 20041111b un ||||| |||| 00| 0 ukr d
040 _aUA-OsUOA
_brus
_cUA-OsUOA
_dUA-OsUOA
041 _arus
044 _aRU
080 _a82.09
090 _a82.09
_bЛ64
245 _aЛитературное наследие Г. В. Плеханова: литература, критика и русская философия
_cред. П. Ф. Юдин
260 _aМосква
_bГосударственное социально-экономическое изд-во
_c1938
300 _a455 с.
650 7 _2UDC
942 _cBK
_2udc
955 _a0
999 _c317021
_d317021